| 000 | 00774cam a2200229 4500 | ||
|---|---|---|---|
| 008 | 090401t1990 xxu||||| |||| 00| 0 eng d | ||
| 020 | _a0408500204 | ||
| 035 | _a(Sirsi) u6734 | ||
| 041 | _aeng | ||
| 050 | _a658.404 | ||
| 100 | _aSalisbury, Frank | ||
| 245 | _aArchitects` handbook for client briefing | ||
| 260 |
_aLondon _bButterworth Architecture _c1990 |
||
| 300 | _ax, 198p. : ill. ; 24cm. | ||
| 350 | _a27.5 | ||
| 490 | _aButterworth Architecture Management Guides | ||
| 520 | _aSystematic reference to aid cooperation of architect and client, analysing the roles of each in compiling a thorough design brief. With checklists and flow diagrams. | ||
| 650 | _aARCHITECTS | ||
| 650 | _aMANAGEMENT-PROJECT MANAGEMENT | ||
| 942 | _n0 | ||
| 948 | _c04/03/1997 | ||
| 999 |
_c86341 _d86341 |
||